What Was D-Day? (Record no. 191319)
[ view plain ]
| 000 -LEADER | |
|---|---|
| fixed length control field | 00625nam a22001935 4500 |
| 001 - CONTROL NUMBER | |
| control field | BK0015204132 |
| 005 - DATE AND TIME OF LATEST TRANSACTION | |
| control field | 20241220161340.0 |
| 008 - FIXED-LENGTH DATA ELEMENTS--GENERAL INFORMATION | |
| fixed length control field | 141106 eng |
| 020 ## - INTERNATIONAL STANDARD BOOK NUMBER | |
| International Standard Book Number | 9780448484075 : PAP |
| Terms of availability | $5.99 |
| 020 ## - INTERNATIONAL STANDARD BOOK NUMBER | |
| International Standard Book Number | 0448484072 : PAP |
| Terms of availability | $5.99 |
| 037 ## - SOURCE OF ACQUISITION | |
| Source of stock number/acquisition | Penguin Group USA, Order Processing Dept 120 Woodbine st, Bergenfield, NJ, USA, 07621 |
| Note | SAN 282-5074 |
| 050 ## - LIBRARY OF CONGRESS CALL NUMBER | |
| Classification number | U |
| 082 ## - DEWEY DECIMAL CLASSIFICATION NUMBER | |
| Classification number | 355 |
| 092 ## - LOCALLY ASSIGNED DEWEY CALL NUMBER (OCLC) | |
| Classification number | 355.0000 |
| 100 ## - MAIN ENTRY--PERSONAL NAME | |
| Personal name | Demuth, Patricia Brennan/ Kenyon, David Grayson (ILT)/ Anderson, Scott (ILT) |
| 9 (RLIN) | 6530881 |
| 245 00 - TITLE STATEMENT | |
| Title | What Was D-Day? |
| 260 ## - PUBLICATION, DISTRIBUTION, ETC. (IMPRINT) | |
| Name of publisher, distributor, etc | Penguin Group USA |
| Date of publication, distribution, etc | 2015 |
| 300 ## - PHYSICAL DESCRIPTION | |
| Extent | 112 p. ; |
| Withdrawn status | Lost status | Source of classification or shelving scheme | Damaged status | Not for loan | Collection code | Home library | Current library | Shelving location | Date acquired | Cost, normal purchase price | Total Checkouts | Total Renewals | Full call number | Barcode | Date last seen | Date checked out | Cost, replacement price | Price effective from | Koha item type |
|---|---|---|---|---|---|---|---|---|---|---|---|---|---|---|---|---|---|---|---|
| Dewey Decimal Classification | Junior NonFiction | Wasatch County Library | Wasatch County Library | Second Floor | 10/19/2015 | 13.95 | 28 | 19 | J 940.53 Dem | 34301001445016 | 12/26/2025 | 04/25/2025 | 13.95 | 03/20/2020 | BOOK |
